000 03351cam a22005658i 4500
003 URS
005 20230901023112.0
008 220228s2022 cau ob 100 0 eng
040 _aDLC
_beng
_erda
_cDLC
_dOCLCO
_dOCLCF
_dP@U
_dCUS
_dYDX
_dUEJ
_dSFB
_dJSTOR
_dURS
020 _a9781606067390
_q(epub)
020 _a1606067397
020 _a9781606067383
020 _a1606067389
020 _a9781606067574
_q(mobi)
020 _a1606067575
020 _a9781606069134
_q(electronic bk.)
020 _a1606069136
_q(electronic bk.)
020 _z9781606067376
_q(paperback)
020 _z1606067370
050 0 0 _aDT61
245 0 0 _aEgypt and the classical world :
_bcross-cultural encounters in antiquity /
_cedited by Jeffrey Spier and Sara E. Cole.
250 _aFirst edition.
263 _a2207
264 1 _aLos Angeles :
_bJ. Paul Getty Museum,
_c2022.
300 _a1 online resource
336 _atext
_btxt
_2rdacontent
337 _acomputer
_bc
_2rdamedia
338 _aonline resource
_bcr
_2rdacarrier
504 _aIncludes bibliographical references.
505 0 _aFrom Thutmoses III to Homer to Blackadder: Egypt, the Aegean, and the "Barbarian Periphery" of the Late Bronze Age World System / Jorrit M. Kelder -- Mediterranean Encounters: Greeks, Carians, and Egyptians in the First Millennium BC / Alexandra Villing -- "I Am Isis": The Role of Speech in the Cult of Isis / Martin Bommas -- The Creation of New "Cultural Codes": The Ptolemaic Queens and Their Syncretic Processes with Isis, Hathor, and Aphrodite / Martina Minas-Nerpel -- The Kellis Mammisi: A Painted Chapel from the Final Centuries of the Ancient Egyptian Religion / Olaf E. Kaper -- Appropriation and Synthesis in the Villa of Herodes Atticus at Eva (Loukou), Greece / George Spyropoulos -- "To Isis the Great, Lady of Benevento": Privately Dedicated Egyptian Obelisks in Imperial Rome and the Twin Obelisks of Benevento Reedited / Luigi Prada and Paul D. Wordsworth.
520 _a"This publication, the proceedings of a 2018 scholars' symposium held at the J. Paul Getty Museum in association with the exhibition Beyond the Nile: Egypt and the Classical World, synthesizes current research on cultural interactions between Egypt, Greece, and Rome from the Bronze Age to the Roman Empire"--
_cProvided by publisher.
588 _aDescription based on print version record and CIP data provided by publisher; resource not viewed.
590 _aJSTOR
_bBooks at JSTOR Open Access
650 0 _aCivilization, Classical
_vCongresses.
650 0 _aClassical antiquities
_vCongresses.
651 0 _aEgypt
_xCivilization
_yTo 332 B.C.
_vCongresses.
651 0 _aEgypt
_xCivilization
_y332 B.C.-638 A.D.
_vCongresses.
651 0 _aGreece
_xCivilization
_xEgyptian influences
_vCongresses.
651 0 _aRome
_xCivilization
_xEgyptian influences
_vCongresses.
651 0 _aEgypt
_xAntiquities
_vCongresses.
700 1 _aSpier, Jeffrey,
_eeditor.
700 1 _aCole, Sara E.,
_eeditor.
710 2 _aJ. Paul Getty Museum,
_eissuing body.
_0http://id.loc.gov/authorities/names/n79046211
856 4 0 _uhttps://www.jstor.org/stable/10.2307/jj.5274093
938 _aYBP Library Services
_bYANK
_n305616003
938 _aProject MUSE
_bMUSE
_nmusev2_101800
938 _aYBP Library Services
_bYANK
_n303032934
942 _2lcc
_cE-BOOK
994 _a92
_bPHURS
999 _c72800
_d72799